000
00330 a2200133 4500
000
nam a22 7a 4500
100
_a
Scott F. Gilbert
110
_a
Scott F. Gilbert
245
_a
Developmental Biology
250
_a
latest
260
_b
Sinauer Associates Inc
_c
2026
264
_b
Sinauer Associates Inc
_c
2026
942
_c
BK
999
_c
394906
_d
394906